Dynamic of SuperCalc4
| Main Author: | |
|---|---|
| Other Authors: | |
| Format: | Book |
| Published: |
Homewood Illinois :
Dow Jones-Irwin ,
1987
|
| Subjects: |
MARC
| LEADER | 00000cam a2200000 7i4500 | ||
|---|---|---|---|
| 001 | 0000003122 | ||
| 005 | 20050504.0 | ||
| 020 | |a 1556230109 | ||
| 040 | |a INS | ||
| 090 | 0 | 0 | |a HF5548.4. |b H 1987 |
| 100 | 1 | |a John W.Yu | |
| 245 | 1 | 0 | |a Dynamic of SuperCalc4 |c John W.Yu.David Harrison |
| 260 | |a Homewood Illinois : |b Dow Jones-Irwin , |c 1987 | ||
| 300 | |a xxii, 394p. ; |c 23 cm. | ||
| 650 | 0 | 0 | |a Computers |
| 650 | 0 | 0 | |a SuperCalc4 (Computer program) |
| 700 | 1 | |a Harrison, David | |
| 999 | |a 0000004194 |b BOOK |c Open Shelf |e Default branch | ||